| 000 | 00889nam a2200289 i 4500 | ||
|---|---|---|---|
| 003 | DO-SdBNP | ||
| 005 | 20260525113322.0 | ||
| 007 | ta | ||
| 008 | 260525b2019 dr ||||| |||| 00| 0 spa d | ||
| 020 | _a9789945913637 | ||
| 040 |
_aDO-SdBNP _bspa _cBNPHU _erda |
||
| 041 | _aspa | ||
| 082 | 4 |
_axxx _bA255o _222 |
|
| 100 |
_aAñez Bergés, Rafael, _d1940- _eautor _924314 _4aut. |
||
| 245 | 1 | 4 |
_aLos ojos grises del ahorcado / _cRafael Añez Bergés |
| 250 | _aPrimera edición | ||
| 264 | 4 |
_aSanto Domingo, República Dominicana : _bEditora Ortega, _c©2019. |
|
| 300 |
_a63 páginas ; _c23 cm. |
||
| 336 |
_atexto _btxt _2rdacontent |
||
| 337 |
_asin mediación _bn _2rdamedia |
||
| 338 |
_avolumen _bnc _2rdacarrier |
||
| 500 | _aConmemorando el medio siglo 1969-2019. | ||
| 500 | _aTeatro Dominicano | ||
| 590 | _aInventariado, 2026 /LP | ||
| 910 | _aLP | ||
| 942 |
_2ddc _cLBS1 |
||
| 999 |
_c60814 _d60814 |
||